The twelve dancing princesses / (Record no. 13535)
[ view plain ]
| 000 -LEADER | |
|---|---|
| fixed length control field | 01789cam a2200409 i 4500 |
| 001 - CONTROL NUMBER | |
| JCCL Control Number | 13535 |
| 003 - CONTROL NUMBER IDENTIFIER | |
| JCCL marc code | BD-JhCC |
| 005 - DATE AND TIME OF LATEST TRANSACTION | |
| control field | 20240118102615.0 |
| 008 - FIXED-LENGTH DATA ELEMENTS--GENERAL INFORMATION | |
| fixed length control field | 150316t20152015vraa j 000 1 eng d |
| 020 ## - INTERNATIONAL STANDARD BOOK NUMBER | |
| International Standard Book Number | 9781742974019 |
| 035 ## - SYSTEM CONTROL NUMBER | |
| system control number | (OCoLC)13535 |
| 040 ## - CATALOGING SOURCE | |
| Original cataloging agency | YDXCP |
| Transcribing agency | YDXCP |
| Description conventions | rda |
| Modifying agency | BDX |
| -- | NJB |
| -- | NZEN |
| -- | ANL |
| 041 ## - LANGUAGE CODE | |
| Language code of Book | eng |
| 082 04 - DEWEY DECIMAL CLASSIFICATION NUMBER | |
| Classification number | 823.3 |
| DDC Edition number | 23 |
| Author mark and Year | LAM 2018 |
| 100 1# - MAIN ENTRY--PERSONAL NAME | |
| Personal name | Lamond, Margrete, |
| 245 14 - TITLE STATEMENT | |
| Title | The twelve dancing princesses / |
| Statement of responsibility, etc | Margrete Lamond |
| 260 ## - PUBLICATION, DISTRIBUTION, ETC. (IMPRINT) | |
| Place of publication, distribution, etc | China: |
| Name of publisher, distributor, etc | Miles Kelly; |
| Date of publication, distribution, etc | 2018. |
| 300 ## - PHYSICAL DESCRIPTION | |
| Pagination | 21 pages : |
| Other physical details | illustrations ; |
| Dimensions | 21 cm. |
| 490 1# - SERIES STATEMENT | |
| Series statement | Once upon a timeless tale |
| 520 ## - SUMMARY, ETC. | |
| Summary, etc | A tale of enchantment, with its magical cloak of invisibility and its avenues of silver, gold, and diamonds, now creates a whole new web of enchantment for readers everywhere The princesses are locked in their room every night, but every morning their party slippers are worn to tatters. The princesses won't say how or why, and despite the King's threats, no one can work it out. Just when the King is at his wits' end, an unlikely character walks into town. Will he reveal the princesses' secret? Or will he lose his head like the others before him? |
| 650 #0 - SUBJECT ADDED ENTRY--TOPICAL TERM | |
| Topical term or geographic name as entry element | Princes and princesses |
| Form subdivision | Juvenile fiction. |
| 650 #0 - SUBJECT ADDED ENTRY--TOPICAL TERM | |
| Topical term or geographic name as entry element | Folklore |
| Geographic subdivision | Germany |
| Form subdivision | Juvenile fiction. |
| 650 #0 - SUBJECT ADDED ENTRY--TOPICAL TERM | |
| Topical term or geographic name as entry element | Folklore. |
| 650 #0 - SUBJECT ADDED ENTRY--TOPICAL TERM | |
| Topical term or geographic name as entry element | Fairy tales. |
| 650 #0 - SUBJECT ADDED ENTRY--TOPICAL TERM | |
| Topical term or geographic name as entry element | Children's stories. |
| 650 #0 - SUBJECT ADDED ENTRY--TOPICAL TERM | |
| Topical term or geographic name as entry element | Princes |
| Form subdivision | Juvenile fiction. |
| 650 #0 - SUBJECT ADDED ENTRY--TOPICAL TERM | |
| Topical term or geographic name as entry element | Princesses |
| Form subdivision | Juvenile fiction. |
| 650 #0 - SUBJECT ADDED ENTRY--TOPICAL TERM | |
| Topical term or geographic name as entry element | Soldiers |
| Form subdivision | Juvenile fiction. |
| 650 #0 - SUBJECT ADDED ENTRY--TOPICAL TERM | |
| Topical term or geographic name as entry element | Magic |
| Form subdivision | Juvenile fiction. |
| 650 #0 - SUBJECT ADDED ENTRY--TOPICAL TERM | |
| Topical term or geographic name as entry element | Dance |
| Form subdivision | Juvenile fiction. |
| 653 ## - INDEX TERM--UNCONTROLLED | |
| Uncontrolled term | Australian |
| 700 1# - ADDED ENTRY--PERSONAL NAME | |
| Personal name | Walker, Anna, |
| Dates associated with a name | 1970- |
| 700 1# - ADDED ENTRY--PERSONAL NAME | |
| Personal name | Grimm, Wilhelm, |
| Dates associated with a name | 1786-1859, |
| 830 #0 - SERIES ADDED ENTRY--UNIFORM TITLE | |
| Uniform title | Once upon a timeless tale. |
| 942 ## - ADDED ENTRY ELEMENTS (KOHA) | |
| Source of classification or shelving scheme | Dewey Decimal Classification |
| Koha item type | Books |
| Source of classification or shelving scheme | Damaged status | Not for loan | Home library | Current library | Shelving location | Date of accession | Cost, normal purchase price | Total Checkouts | Full call number | Barcode | Date last seen | Copy number | Method of acquisition | Koha item type | Currency |
|---|---|---|---|---|---|---|---|---|---|---|---|---|---|---|---|
| Dewey Decimal Classification | JCC Rouf Library | JCC Rouf Library | General Stacks | 01/18/2024 | 1400.00 | 823.3 LAM 2018 | 18355 | 01/18/2024 | C-1 | Purchase | Books | BDT |